书目信息 |
| 题名: |
探索与追求
|
|
| 作者: | 李和平 , 尹登成 主编 | |
| 分册: | ||
| 出版信息: | 北京 中国国际广播出版社 1999 |
|
| 页数: | 12,415页 | |
| 开本: | 20cm | |
| 丛书名: | ||
| 单 册: | ||
| 中图分类: | G630-53 | |
| 科图分类: | ||
| 主题词: | 全面发展(教育)--中学--唐山市--文集 , 全面发展(教育) | |
| 电子资源: | ||
| ISBN: | 7-5078-1574-9 | |
| 000 | 00786nam0 2200253 450 | |
| 001 | 1537343993 | |
| 005 | 20150203102247.10 | |
| 010 | @a7-5078-1574-9@dCNY31.00 | |
| 100 | @a20000309d1999 kemy0chiy0110 ea | |
| 101 | 0 | @achi |
| 102 | @aCN@b110000 | |
| 105 | @ay z 000yy | |
| 200 | 1 | @a探索与追求@9tan suo yu zhui qiu@e唐山一中素质教育之路@f李和平,尹登成主编 |
| 210 | @a北京@c中国国际广播出版社@d1999 | |
| 215 | @a12,415页@d20cm | |
| 517 | 1 | @a唐山一中素质教育之路@9tang shan yi zhong su zhi jiao yu zhi lu |
| 606 | 0 | @a全面发展(教育)@x中学@y唐山市@x文集 |
| 606 | 0 | @a全面发展(教育) |
| 610 | 0 | @a唐山一中 |
| 690 | @aG630-53@v5 | |
| 701 | 0 | @a李和平@9li he ping@4主编 |
| 701 | 0 | @a尹登成@9yin deng cheng@4主编 |
| 801 | 0 | @aCN@bTSSF@c20150203 |
| 905 | @aZUCC@dG630-53@eJY1 | |
| 探索与追求:唐山一中素质教育之路/李和平,尹登成主编.-北京:中国国际广播出版社,1999 |
| 12,415页;20cm |
| ISBN 7-5078-1574-9:CNY31.00 |
| ● |
| 相关链接 |
|
|
|
|
正题名:探索与追求
索取号:G630-53/JY1
 
预约/预借
| 序号 | 登录号 | 条形码 | 馆藏地/架位号 | 状态 | 备注 |
| 1 | 7865378 | 278653789 | 学院路分馆/ [索取号:G630-53/JY1] | 在馆 |